000 00826cam a2200253Ia 4500
008
020 _a0958509778 (pbk. )
049 _aMAIN
090 _aJC571
_bCOM
245 1 0 _aCompendium of key human rights documents of the african union
_cCenter for Human Rights; edited by Christof Heyns and Magnus Killander.
250 _a2nd ed.
260 _aPretoria, South Africa :
_bPretoria University Law Press,
_c2006.
300 _aviii, 315 p. ;
_c30 cm.
504 _aIncludes bibliographical references.
650 0 _aHuman rights.
700 _aKillander, Magnus.
700 _aHeyns, Christof.
700 1 _aCenter for Human Rights.
907 _a.b10242016
_b18-03-13
_c03-05-07
003
005 20230120153122.0
040 _cNUST
942 _cBOOKS
_kJC571
_mCOM
999 _c99093
_d99093